[Event "Oberliga Wuerttemberg 0708"]
[Site "Wuerttemberg"]
[Date "2007.10.07"]
[Round "1.6"]
[White "Strunski, Andreas"]
[Black "Olbrich, Joachim"]
[Result "1-0"]
[WhiteElo "2271"]
[BlackElo "2166"]
[PlyCount "85"]
[EventDate "2007.10.07"]
[EventType "team-tourn"]
[EventRounds "9"]
[EventCountry "GER"]
[SourceTitle "EXT 2018"]
[Source "ChessBase"]
[SourceDate "2017.10.13"]
[SourceVersion "1"]
[SourceVersionDate "2017.10.13"]
[SourceQuality "1"]
[WhiteTeam "Stuttgart SF"]
[BlackTeam "Stuttgart SF II"]
[WhiteTeamCountry "GER"]
[BlackTeamCountry "GER"]

1. d4 c5 2. d5 e5 3. e4 d6 4. Nc3 a6 5. Nf3 b5 6. a4 b4 7. Ne2 g6 8. Ng3 Bg7 9. Nd2 Ne7 10. h4 h5 11. Nc4 Qc7 12. Be2 0-0 13. a5 Nd7 14. Bg5 f6 15. Be3 Bb7 16. f3 Rad8 17. Qd2 Rf7 18. 0-0 Kh7 19. Rae1 Rdf8 20. Bd1 Ng8 21. c3 bxc3 22. Qxc3 Bh6 23. f4 exf4 24. Bxf4 Ne5 25. Ne2 Bc8 26. Ne3 Bd7 27. b4 Bb5 28. bxc5 Qxc5 29. Qxc5 dxc5 30. Bc2 Nd3 31. Bxd3 Bxd3 32. Bxh6 Kxh6 33. Rf4 Re7 34. Nc3 Rfe8 35. Ned1 f5 36. Nf2 c4 37. Nxd3 cxd3 38. Rd1 fxe4 39. d6 Re5 40. Nxe4 Rd5 41. Ng5 d2 42. Kf2 Rxa5 43. d7 1-0

[Event "BL2-Ost 0203"]
[Site "Germany"]
[Date "2003.02.09"]
[Round "6.7"]
[White "Meier, Volker"]
[Black "Olbrich, Joachim"]
[Result "1-0"]
[WhiteElo "2294"]
[BlackElo "2249"]
[PlyCount "159"]
[EventDate "2002.10.20"]
[EventType "team-tourn"]
[EventRounds "9"]
[EventCountry "GER"]
[SourceTitle "EXT 2004"]
[Source "ChessBase"]
[SourceDate "2003.11.25"]
[SourceVersion "1"]
[SourceVersionDate "2003.11.25"]
[SourceQuality "1"]
[WhiteTeam "Schott Mainz"]
[BlackTeam "Bamberg"]
[WhiteTeamCountry "GER"]
[BlackTeamCountry "GER"]

1. e4 c5 2. Nf3 e6 3. d4 cxd4 4. Nxd4 Nf6 5. Nc3 d6 6. Be3 Be7 7. g4 h6 8. h3 Nc6 9. Bg2 Bd7 10. f4 Nxd4 11. Qxd4 Bc6 12. 0-0-0 Qa5 13. g5 hxg5 14. fxg5 Nh5 15. Qd2 0-0-0 16. Kb1 Kb8 17. h4 g6 18. Rh3 Ng7 19. Qf2 Be8 20. Bd4 e5 21. Nd5 exd4 22. Nxe7 Ne6 23. Nd5 Rc8 24. Ra3 Qc5 25. b4 Qb5 26. Rxd4 b6 27. Rd2 Rc4 28. Bf1 Rxb4+ 29. Nxb4 Qxb4+ 30. Rb3 Qc5 31. Bh3 Qxf2 32. Rxf2 Nc5 33. Rf4 Nxb3 34. cxb3 Kc7 35. Kc2 Rh7 36. Bf1 Kd8 37. Kc3 Ke7 38. Kd4 Bd7 39. Bc4 Be6 40. Bd5 Rh8 41. e5 Bxd5 42. Kxd5 dxe5 43. Kxe5 Rc8 44. Rc4 Rd8 45. Rc7+ Rd7 46. Rc8 Rd2 47. a4 Rb2 48. Rc7+ Kf8 49. Rc3 Rd2 50. Rc4 Ke7 51. Rc7+ Rd7 52. Rc8 Rd3 53. b4 Re3+ 54. Kd5 Rd3+ 55. Kc4 Rd8 56. Rc6 Rd7 57. Kb5 Kd8 58. Rc4 Rc7 59. Rd4+ Kc8 60. Ka6 Re7 61. b5 Rc7 62. Re4 Kd8 63. h5 gxh5 64. Rh4 Kc8 65. Rxh5 Rc4 66. Kxa7 Rxa4+ 67. Kxb6 Kd7 68. Rh6 Rg4 69. Rf6 Rxg5 70. Rxf7+ Kc8 71. Rf8+ Kd7 72. Ka6 Rg1 73. b6 Ra1+ 74. Kb7 Rb1 75. Rf2 Rd1 76. Rc2 Rd3 77. Kb8 Rb3 78. b7 Rb1 79. Rd2+ Kc6 80. Kc8 1-0

[Event "BL2-Ost 0203"]
[Site "Germany"]
[Date "2002.11.17"]
[Round "2.7"]
[White "Olbrich, Joachim"]
[Black "Poppe, Heiko"]
[Result "1/2-1/2"]
[WhiteElo "2249"]
[BlackElo "2243"]
[PlyCount "131"]
[EventDate "2002.10.20"]
[EventType "team-tourn"]
[EventRounds "9"]
[EventCountry "GER"]
[SourceTitle "EXT 2004"]
[Source "ChessBase"]
[SourceDate "2003.11.25"]
[SourceVersion "1"]
[SourceVersionDate "2003.11.25"]
[SourceQuality "1"]
[WhiteTeam "Bamberg"]
[BlackTeam "Wuerzburg"]
[WhiteTeamCountry "GER"]
[BlackTeamCountry "GER"]

1. e4 e6 2. d4 d5 3. exd5 exd5 4. Nf3 Bd6 5. c4 c6 6. Nc3 Ne7 7. cxd5 Nxd5 8. Nxd5 cxd5 9. Bb5+ Bd7 10. Qe2+ Qe7 11. 0-0 Qxe2 12. Bxe2 Nc6 13. Be3 0-0 14. Rfe1 Nb4 15. Rec1 Rac8 16. Ne1 Bf5 17. Bf3 Be4 18. Rxc8 Rxc8 19. Bd1 Nc6 20. Rc1 Ne7 21. Rxc8+ Nxc8 22. Bb3 Ne7 23. f3 Bf5 24. g4 Be6 25. Nd3 Nc6 26. a3 Kf8 27. h3 Ke7 28. Kf2 Na5 29. Ba2 Nc4 30. Bc1 Kd7 31. Ke2 Ke7 32. Ne1 Nb6 33. Nc2 f6 34. Ne3 Nc4 35. Bxc4 dxc4 36. d5 Bf7 37. Nf5+ Kd7 38. Nxg7 Bxd5 39. Nh5 Be7 40. Be3 a6 41. Bd4 Ke6 42. h4 Kf7 43. f4 b5 44. Bc3 Be4 45. f5 Bd3+ 46. Kd2 Be4 47. Ke3 Bc6 48. Nf4 Bd6 49. Ne6 Bd7 50. Nd8+ Ke7 51. Nb7 Bg3 52. h5 Bc7 53. Bd4 Bh2 54. Kf2 Bc7 55. Ke3 Bh2 56. Bc5+ Kf7 57. Bb4 Bc7 58. Bc5 Bc6 59. Nd6+ Bxd6 60. Bxd6 Bg2 61. Kf4 h6 62. Kg3 Be4 63. Bc7 Bd3 64. Ba5 Bc2 65. Bd2 Kg7 66. Kf4 1/2-1/2